LEADER 01014cam0-22003131i-450- 001 990005331370403321 005 20111111093206.0 035 $a000533137 035 $aFED01000533137 035 $a(Aleph)000533137FED01 035 $a000533137 100 $a19990604d1953----km-y0itay50------ba 101 0 $aita 102 $aIT 105 $ay-------001yy 200 1 $aIntroduzione generale al corso di numismatica antica$e(dispense preparatorie alle lezioni della prof.ssa L. Breglia)$fFranco Panvini Rosati 210 $aRoma$cLibr. ed. Ricerche$d1953 215 $a95 p.$d25 cm 304 $aIn testa al front.: Università degli studi di Roma, Facoltà di Lettere 610 0 $aNumismatica 676 $a737.4$v21$zita 700 1$aPanvini Rosati,$bFranco$0206948 801 0$aIT$bUNINA$gRICA$2UNIMARC 901 $aBK 912 $a990005331370403321 952 $a737.4 PAN 1$bS.I.$fFLFBC 959 $aFLFBC 996 $aIntroduzione generale al corso di numismatica antica$9599457 997 $aUNINA LEADER 01322nam--2200373---4500 001 990000838860203316 005 20100805113009.0 035 $a0083886 035 $aUSA010083886 035 $a(ALEPH)000083886USA01 035 $a0083886 100 $a20020104d1992----km-y0ENGy0103----ba 101 $ager 102 $aDE 200 1 $aArbeitsschutzrecht$edie EG-Richtlinie zur Angleichung der Rechtsvorschriften der Mitgliedstaaten fur Maschinen$fErnst Lindl 210 $aBaden Baden$cNomos$d1992 215 $a192 p.$c23 cm 225 2 $aSchriftenreihe Europaisches recht, Politik und Wirtschaft$v157 410 1$12001$aSchriftenreihe Europaisches recht, Politik und Wirtschaft$v157 606 $aDiritto del lavoro$xPaesi della Comunità economica europea 676 $a344.401 700 1$aLINDL,$bErnst$0551012 801 0$aIT$bsalbc$gISBD 912 $a990000838860203316 951 $aXXIII.4. Coll. 15/ 41 (COLL. HDO 157)$b76460 EC$cXXIII.4. Coll. 15/ 41 (COLL. HDO)$d00274746 959 $aBK 969 $aGIU 979 $aPATTY$b90$c20020104$lUSA01$h0944 979 $c20020403$lUSA01$h1729 979 $aCHIARA$b90$c20030203$lUSA01$h1346 979 $aPATRY$b90$c20040406$lUSA01$h1658 979 $aRSIAV4$b90$c20100805$lUSA01$h1130 996 $aArbeitsschutzrecht$9967828 997 $aUNISA